00939naa a2200181 a 450000100080000000500110000800800410001910000110006024501100007126000090018152003990019065300170058965300140060665300140062065300240063465300140065877300850067210801532011-09-08 1997 bl uuuu u00u1 u #d1 aEpagri aAvalia????o de gen??tipos de batata mantidos por pequenso produtores do Estado de Santa Catarina, Brasil. c1997 aForam coletadas antigas cultivares de batata introduzidas a partir da imigra????o dos pa??ses europeus para o Sul do Brasil, as quais vinham sendo mantidas por pequenos produtores. Estes materias apresentam boa adapta????o as condi????es edafo-clim??ticas de Santa Catarina. Esta coleta visa reunir o material para avalia????o do potencial produtivo e para trabalhos com melhoramento gen??tico. aMelhoramento aQualidade aSele????o aSolanum tuberosum L aVariedade tRevista Latinoamericana de la Papa, Lima, Per??gv. , n. 9/10, p. 200-210, 1997.